• 首页
  • 本馆介绍
  • 公告通知
  • 最新文献
  • 馆藏检索
  • 电子资源
  • 读者导购
  • 参考咨询
  • 我的图书馆
  • 登录
  • 详细信息显示
  • 放入我的书架
  • 预约/预借图书
  • 作者相关作品
  • 分类相关作品
  • 丛书相关作品
  • 出版社相关作品

书目信息

  • 表格格式
  • 工作单格式
  • 卡片格式
题名:
书法字海
    
 
作者: 张又栋 主编
分册:  
出版信息: 北京   新时代出版社  2004
页数: 34,2746页
开本: 26cm
丛书名:
单 册:
中图分类: J292.3-61
科图分类:
主题词: 法书--中国--字典 , 法书
电子资源:
ISBN: 7-5042-0850-7
000 00855nam0 2200253 450
001 002945037
005 20140612094927.87
010    @a7-5042-0850-7@b精装@dCNY98.00
100    @a20050317e20052004em y0chiy0110 ea
101 0  @achi
102    @aCN@b110000
105    @ay e 001yy
106    @ar
200 1  @a书法字海@9shu fa zi hai@e缩印本@f张又栋主编
205    @a2版@b修订版
210    @a北京@c新时代出版社@d2004@h2005重印
215    @a34,2746页@d26cm
330    @a本字海收集了中国历代金石文字和法帖及日本、韩国等8各国家和地区的汉字书法墨迹,共收入书法家1012人,碑刻525种,书法单字79000余字,是学习和研究书法艺术及文字学等方面的一部大型工具书。
606 0  @a法书@y中国@j字典
606 0  @a法书
690    @aJ292.3-61@v4
701  0 @a张又栋@9zhang you dong@f(1950~)@4主编
801  0 @aCN@bNLC@c20051102
905    @b548881-83@dJ292.3-61@e541@f3
    
    书法字海:缩印本/张又栋主编.-2版,修订版.-北京:新时代出版社,2004(2005重印)
    34,2746页;26cm
    
    
    ISBN 7-5042-0850-7(精装):CNY98.00
    本字海收集了中国历代金石文字和法帖及日本、韩国等8各国家和地区的汉字书法墨迹,共收入书法家1012人,碑刻525种,书法单字79000余字,是学习和研究书法艺术及文字学等方面的一部大型工具书。
●
相关链接 在E读中查询图书 在五车中查询图书 在当当中查询图书 在豆瓣中查询图书


正题名:书法字海     索取号:J292.3-61/541         预约/预借

序号 登录号 条形码 馆藏地/架位号 状态 备注
1 548881   205488818   第一样本阅览室/ [索取号:J292.3-61/541] 在馆    
2 548882   205488827   第一借阅区/ [索取号:J292.3-61/541] 在馆    
3 548883   205488836   第一借阅区/ [索取号:J292.3-61/541] 在馆    
唐山师范学院图书馆 欢迎您!
大连网信软件有限公司© 版权所有